000 00370nam a22001577a 4500
003 OSt
005 20240322154309.0
008 170731b xxu||||| |||| 00| 0 eng d
020 _a 978-1118255490
040 _cSEROSOFT
100 _aBARRY,S.
245 _aADVANCE CONSTRUCTION OF BUILDING
260 _aDELHI
_bWILEY INDIA
_c2012
300 _a582
942 _2ddc
_c03
999 _c36025
_d36025